01310 a2200229 45000010006000000050017000060080041000230030015000640400040000790800076001192450075001950200022002702640096002923000019003885050395004071000027008027000025008297000021008547000020008757000021008958560164009162825320260407155555.0260407a2014 arg spa dAR-UNSa-BCEJYS aAR-UNSa-BCEJYSbspacAR-UNSa-BCEJYS a336.27xPréstamo público. Endeudamiento del Estado. Deuda pública10aLa crisis latinoamericana de la deuda desde la perspectiva histórica a978-92-1-221123-7 1aSantiago de Chile :bCEPAL (Comisión Económica para América Latina y el Caribe)c2014 a168 p.c22 cm. a1. La crisis latinoamericana de la deuda a la luz de la historia - 2. La economía política de las negociaciones de la deuda: América Latina en la década de los ochenta - 3. De bonos Brady a bonos globales: el acceso de América Latina y el Caribe a los mercados internacionales desde la década de 1980 - 4. Las perspectivas de América Latina en materia de endeudamiento externo1 aOcampo, José Antonio1 aStallings, Bárbara1 aBustillo, Inés1 aVelloso, Helvia1 aFrenkel, Roberto41uhttps://biblioeco.unsa.edu.ar/pmb/images/libros/La crisis latinoamericana de la deuda desde la perspectiva historica-l125001.jpgyImagen de portadaqimage/jpeg